| 000 -LEADER |
| fixed length control field |
00759nam a2200205Ia 4500 |
| 001 - CONTROL NUMBER |
| control field |
16951 |
| 003 - CONTROL NUMBER IDENTIFIER |
| control field |
GE_BSU |
| 008 - FIXED-LENGTH DATA ELEMENTS--GENERAL INFORMATION |
| fixed length control field |
181216s||||||||xx |||||||||||||| ||und|| |
| 040 ## - CATALOGING SOURCE |
| Transcribing agency |
GE_BSU |
| 080 ## - UNIVERSAL DECIMAL CLASSIFICATION NUMBER |
| Universal Decimal Classification number |
821.353.1-1 + 821.353.1-11 + 82-93:821.353.1-1 |
| 100 ## - MAIN ENTRY--PERSONAL NAME |
| Personal name |
აბაშიძე, გ. |
| 245 ## - TITLE STATEMENT |
| Title |
რჩეული [ლექსები, პოემები და საბავშვო ლექსები] |
| 245 ## - TITLE STATEMENT |
| Statement of responsibility, etc. |
რედ.ც. ჯაფარიძე |
| 260 ## - PUBLICATION, DISTRIBUTION, ETC. |
| Place of publication, distribution, etc. |
თბილისი |
| 260 ## - PUBLICATION, DISTRIBUTION, ETC. |
| Name of publisher, distributor, etc. |
საბჭ. საქართველო |
| 260 ## - PUBLICATION, DISTRIBUTION, ETC. |
| Date of publication, distribution, etc. |
1960 |
| 300 ## - PHYSICAL DESCRIPTION |
| Extent |
390გვ. ; 22სმ |
| 653 ## - INDEX TERM--UNCONTROLLED |
| Uncontrolled term |
ლექსები, პოემები და საბავშვო ლექსები |
| 942 ## - ADDED ENTRY ELEMENTS (KOHA) |
| Koha item type |
წიგნი |